<?xml version="1.0" encoding="UTF-8"?>
<record
    xmlns:xsi="http://www.w3.org/2001/XMLSchema-instance"
    xsi:schemaLocation="http://www.loc.gov/MARC21/slim http://www.loc.gov/standards/marcxml/schema/MARC21slim.xsd"
    xmlns="http://www.loc.gov/MARC21/slim">

  <leader>01327cam a2200217   4500500</leader>
  <controlfield tag="005">20251228073439.0</controlfield>
  <datafield tag="041" ind1=" " ind2=" ">
    <subfield code="a">fre</subfield>
  </datafield>
  <datafield tag="042" ind1=" " ind2=" ">
    <subfield code="a">dc</subfield>
  </datafield>
  <datafield tag="100" ind1="1" ind2="0">
    <subfield code="a">Aubert, Jacques</subfield>
    <subfield code="e">author</subfield>
  </datafield>
  <datafield tag="245" ind1="0" ind2="0">
    <subfield code="a">D'un parcours in&#xE9;dit de l'extase &#xE0; l'&#xE9;criture</subfield>
  </datafield>
  <datafield tag="260" ind1=" " ind2=" ">
    <subfield code="c">2007.
							</subfield>
  </datafield>
  <datafield tag="500" ind1=" " ind2=" ">
    <subfield code="a">15</subfield>
  </datafield>
  <datafield tag="520" ind1=" " ind2=" ">
    <subfield code="a">R&#xE9;sum&#xE9;Cet article propose un parcours dans l&#x2019;&#x153;uvre de Joyce, &#xE0; la recherche des traces d&#x2019;une &#xE9;criture de l&#x2019;extase, t&#xF4;t entrevue gr&#xE2;ce aux &#xE9;piphanies et longtemps poursuivie, &#xE0; travers les figures de la femme notamment et jusqu&#x2019;au work in progress de Finnegans Wake. L&#x2019;impossible de l&#x2019;&#xE9;criture ainsi vis&#xE9;e se r&#xE9;v&#xE8;le indissociablement li&#xE9;e &#xE0; la jouissance qui tente de s&#x2019;y cerner.</subfield>
  </datafield>
  <datafield tag="520" ind1=" " ind2=" ">
    <subfield code="a">This paper traces signs of a writing of ecstasy, an ecstasy first glimpsed in the epiphanies, then sought for in the figures of women and finally in the work in progress which was Finnegans Wake. The impossibility of writing thus tracked is actually indissociable from the &#x2018;jouissance&#x2019; it tries to circumscribe.</subfield>
  </datafield>
  <datafield tag="690" ind1=" " ind2=" ">
    <subfield code="a">&#xC9;criture</subfield>
  </datafield>
  <datafield tag="690" ind1=" " ind2=" ">
    <subfield code="a">extase</subfield>
  </datafield>
  <datafield tag="690" ind1=" " ind2=" ">
    <subfield code="a">ecstasy</subfield>
  </datafield>
  <datafield tag="690" ind1=" " ind2=" ">
    <subfield code="a">writing</subfield>
  </datafield>
  <datafield tag="786" ind1="0" ind2=" ">
    <subfield code="n">Savoirs et clinique | 8 | 1 | 2007-10-18 | p. 171-179 | 1634-3298</subfield>
  </datafield>
  <datafield tag="856" ind1="4" ind2="1">
    <subfield code="u">https://shs.cairn.info/revue-savoirs-et-cliniques-2007-1-page-171?lang=fr&amp;redirect-ssocas=7080</subfield>
  </datafield>
  <datafield tag="999" ind1=" " ind2=" ">
    <subfield code="c">1595229</subfield>
    <subfield code="d">1595229</subfield>
  </datafield>
</record>
